000 01198nam a2200169Ia 4500
008 220216s9999 xx 000 0 und d
100 _aWijesuria Wasana
245 0 _aAnalysis of intercropping systems under rubber
260 _bPapers presented at IRRDB seminar 5-8 November 1996 Sri Lanka p28
520 _aAnalysis and interpretation of intercropping experiments are complex due to inclusion of two or more crops. Moreover, various types of experiments are involved in intercropping systems. Therefore, it is not to be expected that a single statistical approach suits all kinds of problems. The basic objective in all intercrop experiments is to assess biological or agronomic advantage accuring in any intercropping system. This paper therefore attempts to quantify the beneficial effects of intercropping with respect to the growth and yield of rubber using the available indices with some modifications to suit intercropping systems under rubber. Design, analysis and interpretation of intercrop experiments under rubber are also discussed.
650 _aIntercropping
650 _aRubber
700 _aIqbal S M M
700 _aThattil R O
700 _aYogaratnam N
942 _cJS
999 _c54230
_d54230